| 000 | 01067nam a2200325 i 4500 | ||
|---|---|---|---|
| 001 | 019186321 | ||
| 003 | EG-ScBUE | ||
| 005 | 20230406110931.0 | ||
| 008 | 181217r20212018enka f b 001 0 eng d | ||
| 020 | _a9781350106567 (pbk.) | ||
| 040 |
_aStDuBDS _beng _erda _cStDuBDS _dEG-ScBUE |
||
| 082 | 0 | 4 |
_a729 _222 _bDOD |
| 100 | 1 |
_aDodsworth, Simon, _eauthor. |
|
| 245 | 1 | 4 |
_aThe fundamentals of interior design / _cSimon Dodsworth, Stephen Anderson. |
| 250 | _aSecond edition. | ||
| 250 | _aReprinted edition. | ||
| 264 | 1 |
_aLondon : _bBloomsbury Visual Arts, _c2021. |
|
| 300 |
_a208 pages : _billustrations (colour) ; _c23 cm |
||
| 336 |
_atext _2rdacontent _btxt |
||
| 336 |
_astill image _2rdacontent _btxt |
||
| 337 |
_aunmediated _2rdamedia _bn |
||
| 338 |
_avolume _2rdacarrier _bnc |
||
| 504 | _aIncludes bibliographical references and index. | ||
| 650 | 7 |
_aInterior architecture. _2BUEsh |
|
| 650 | 7 |
_aInterior decoration. _2BUEsh |
|
| 653 |
_bART _cApril2023 |
||
| 655 | _vReading book | ||
| 700 | 1 |
_aAnderson, Stephen, _d1966- _eauthor. |
|
| 942 |
_2ddc _cBB |
||
| 999 |
_c30285 _d30256 |
||